<?xml version="1.0" encoding="UTF-8"?>
<record
    xmlns:xsi="http://www.w3.org/2001/XMLSchema-instance"
    xsi:schemaLocation="http://www.loc.gov/MARC21/slim http://www.loc.gov/standards/marcxml/schema/MARC21slim.xsd"
    xmlns="http://www.loc.gov/MARC21/slim">

  <leader>01794nam0a2200373   4500</leader>
  <controlfield tag="001">RU\NLR\bibl\90017</controlfield>
  <controlfield tag="005">20250617075114.0</controlfield>
  <datafield tag="010" ind1=" " ind2=" ">
    <subfield code="a">5-7556-0127-5</subfield>
    <subfield code="9">500</subfield>
  </datafield>
  <datafield tag="021" ind1=" " ind2=" ">
    <subfield code="a">RU</subfield>
    <subfield code="b">2000-2636</subfield>
    <subfield code="9">130</subfield>
  </datafield>
  <datafield tag="035" ind1=" " ind2=" ">
    <subfield code="a">(NLR Aleph) 000087957</subfield>
  </datafield>
  <datafield tag="090" ind1=" " ind2=" ">
    <subfield code="a">492392</subfield>
    <subfield code="c">492392</subfield>
  </datafield>
  <datafield tag="100" ind1=" " ind2=" ">
    <subfield code="a">20000605d1999    |||y0rusy50      ca</subfield>
  </datafield>
  <datafield tag="101" ind1="0" ind2=" ">
    <subfield code="a">rus</subfield>
  </datafield>
  <datafield tag="102" ind1=" " ind2=" ">
    <subfield code="a">RU</subfield>
  </datafield>
  <datafield tag="105" ind1=" " ind2=" ">
    <subfield code="a">y   |||||||||</subfield>
  </datafield>
  <datafield tag="200" ind1="1" ind2=" ">
    <subfield code="a">&#x415;&#x432;&#x440;&#x430;&#x437;&#x438;&#x439;&#x441;&#x43A;&#x430;&#x44F; &#x441;&#x43E;&#x446;&#x438;&#x43E;&#x43B;&#x43E;&#x433;&#x438;&#x44F; &#x431;&#x443;&#x434;&#x443;&#x449;&#x435;&#x433;&#x43E;: &#x44D;&#x43A;&#x43E;&#x441;&#x43E;&#x444;&#x441;&#x43A;&#x438;&#x435; &#x43E;&#x441;&#x43D;&#x43E;&#x432;&#x430;&#x43D;&#x438;&#x44F;</subfield>
    <subfield code="f">&#x41A;.&#x418;. &#x428;&#x438;&#x43B;&#x438;&#x43D;, &#x412;.&#x41B;. &#x41F;&#x438;&#x440;&#x43E;&#x433;&#x43E;&#x432;, &#x41C;.&#x41C;. &#x422;&#x43E;&#x43D;&#x435;&#x43D;&#x43A;&#x43E;&#x432;&#x430;, &#x421;.&#x412;. &#x428;&#x435;&#x444;&#x435;&#x43B;&#x44C;</subfield>
    <subfield code="g">&#x418;&#x43D;-&#x442; &#x441;&#x43E;&#x446;&#x438;&#x430;&#x43B;.-&#x43F;&#x43E;&#x43B;&#x438;&#x442;. &#x438;&#x441;&#x441;&#x43B;&#x435;&#x434;&#x43E;&#x432;&#x430;&#x43D;&#x438;&#x439; &#x420;&#x410;&#x41D;, &#x41A;&#x438;&#x435;&#x432;. &#x433;&#x43E;&#x441;. &#x43B;&#x438;&#x43D;&#x433;&#x432;. &#x443;&#x43D;-&#x442;. &#x418;&#x43D;-&#x442; &#x432;&#x43E;&#x441;&#x442;. &#x44F;&#x437;.</subfield>
  </datafield>
  <datafield tag="210" ind1=" " ind2=" ">
    <subfield code="a">&#x41C;.</subfield>
    <subfield code="c">&#x420;&#x418;&#x426; &#x418;&#x421;&#x41F;&#x418; &#x420;&#x410;&#x41D;</subfield>
    <subfield code="d">1999</subfield>
  </datafield>
  <datafield tag="215" ind1=" " ind2=" ">
    <subfield code="a">30 &#x441;.</subfield>
    <subfield code="d">20</subfield>
  </datafield>
  <datafield tag="225" ind1="1" ind2=" ">
    <subfield code="a">&#x421;&#x435;&#x440;&#x438;&#x44F; "&#x416;&#x438;&#x432;&#x43E;&#x435; &#x437;&#x43D;&#x430;&#x43D;&#x438;&#x435;"</subfield>
  </datafield>
  <datafield tag="300" ind1=" " ind2=" ">
    <subfield code="a">&#x41D;&#x430; &#x43E;&#x431;&#x43E;&#x440;&#x43E;&#x442;&#x435; &#x442;&#x438;&#x442;. &#x43B;. &#x430;&#x432;&#x442;.: &#x428;&#x438;&#x43B;&#x438;&#x43D; &#x41A;&#x438;&#x43C; &#x418;&#x432;&#x430;&#x43D;&#x43E;&#x432;&#x438;&#x447; - &#x434;.&#x441;&#x43E;&#x446;&#x438;&#x43E;&#x43B;.&#x43D;., &#x422;&#x43E;&#x43D;&#x435;&#x43D;&#x43A;&#x43E;&#x432;&#x430; &#x41C;&#x430;&#x440;&#x433;&#x430;&#x440;&#x438;&#x442;&#x430; &#x412;&#x430;&#x441;&#x438;&#x43B;&#x44C;&#x435;&#x432;&#x43D;&#x430; - &#x434;&#x43E;&#x446;., &#x43A;.&#x43F;.&#x43D;., &#x428;&#x435;&#x444;&#x435;&#x43B;&#x44C; &#x421;&#x435;&#x440;&#x433;&#x435;&#x439; &#x412;&#x438;&#x43A;&#x442;&#x43E;&#x440;&#x43E;&#x432;&#x438;&#x447; - &#x43A;.&#x438;&#x441;&#x442;.&#x43D;., &#x434;&#x43E;&#x446;.</subfield>
  </datafield>
  <datafield tag="320" ind1=" " ind2=" ">
    <subfield code="a">&#x411;&#x438;&#x431;&#x43B;&#x438;&#x43E;&#x433;&#x440;.: &#x441;. 28-30</subfield>
  </datafield>
  <datafield tag="320" ind1=" " ind2=" ">
    <subfield code="a">&#x414;&#x440;. &#x440;&#x430;&#x431;&#x43E;&#x442;&#x44B; 1-&#x433;&#x43E; &#x430;&#x432;&#x442;. &#x43D;&#x430; &#x43E;&#x431;&#x43E;&#x440;&#x43E;&#x442;&#x435; &#x442;&#x438;&#x442;. &#x43B;.</subfield>
  </datafield>
  <datafield tag="606" ind1="0" ind2=" ">
    <subfield code="a">&#x42D;&#x43A;&#x43E;&#x441;&#x43E;&#x444;&#x438;&#x44F;</subfield>
    <subfield code="9">2129545</subfield>
    <subfield code="3">RU\NLR\auth\661284933</subfield>
  </datafield>
  <datafield tag="686" ind1=" " ind2=" ">
    <subfield code="a">&#x421;550.03</subfield>
  </datafield>
  <datafield tag="701" ind1=" " ind2="1">
    <subfield code="a">&#x428;&#x438;&#x43B;&#x438;&#x43D;</subfield>
    <subfield code="b">&#x41A;. &#x418;.</subfield>
    <subfield code="g">&#x41A;&#x438;&#x43C; &#x418;&#x432;&#x430;&#x43D;&#x43E;&#x432;&#x438;&#x447;</subfield>
    <subfield code="4">070</subfield>
  </datafield>
  <datafield tag="701" ind1=" " ind2="1">
    <subfield code="a">&#x41F;&#x438;&#x440;&#x43E;&#x433;&#x43E;&#x432;</subfield>
    <subfield code="b">&#x412;. &#x41B;.</subfield>
    <subfield code="g">&#x412;&#x43B;&#x430;&#x434;&#x438;&#x43C;&#x438;&#x440; &#x41B;&#x435;&#x43E;&#x43D;&#x438;&#x434;&#x43E;&#x432;&#x438;&#x447;</subfield>
    <subfield code="4">070</subfield>
  </datafield>
  <datafield tag="701" ind1=" " ind2="1">
    <subfield code="a">&#x422;&#x43E;&#x43D;&#x435;&#x43D;&#x43A;&#x43E;&#x432;&#x430;</subfield>
    <subfield code="b">&#x41C;. &#x41C;.</subfield>
    <subfield code="g">&#x41C;&#x430;&#x440;&#x433;&#x430;&#x440;&#x438;&#x442;&#x430; &#x41C;&#x438;&#x445;&#x430;&#x439;&#x43B;&#x43E;&#x432;&#x43D;&#x430;</subfield>
    <subfield code="4">070</subfield>
  </datafield>
  <datafield tag="701" ind1=" " ind2="1">
    <subfield code="a">&#x428;&#x435;&#x444;&#x435;&#x43B;&#x44C;</subfield>
    <subfield code="b">&#x421;. &#x412;.</subfield>
    <subfield code="g">&#x421;&#x435;&#x440;&#x433;&#x435;&#x439; &#x412;&#x438;&#x43A;&#x442;&#x43E;&#x440;&#x43E;&#x432;&#x438;&#x447;</subfield>
    <subfield code="4">070</subfield>
  </datafield>
  <datafield tag="801" ind1=" " ind2="0">
    <subfield code="a">RU</subfield>
    <subfield code="b">NLR</subfield>
    <subfield code="c">20000605</subfield>
    <subfield code="g">PSBO</subfield>
  </datafield>
  <datafield tag="801" ind1=" " ind2="1">
    <subfield code="a">RU</subfield>
    <subfield code="b">NLR</subfield>
    <subfield code="c">20000605</subfield>
  </datafield>
  <datafield tag="852" ind1=" " ind2=" ">
    <subfield code="a">NLR</subfield>
    <subfield code="j">2000-4/2141</subfield>
  </datafield>
  <datafield tag="942" ind1=" " ind2=" ">
    <subfield code="c">BOOK</subfield>
  </datafield>
  <datafield tag="980" ind1=" " ind2=" ">
    <subfield code="a">NB</subfield>
  </datafield>
  <datafield tag="995" ind1=" " ind2=" ">
    <subfield code="5">2000-06-05</subfield>
    <subfield code="a">ad</subfield>
    <subfield code="b">NLR01</subfield>
    <subfield code="c">NLR01</subfield>
    <subfield code="e">RF8</subfield>
    <subfield code="f">38180</subfield>
    <subfield code="k">2000-4/2141</subfield>
    <subfield code="o">0</subfield>
    <subfield code="r">BOOK</subfield>
    <subfield code="s">200042141_</subfield>
  </datafield>
  <datafield tag="995" ind1=" " ind2=" ">
    <subfield code="5">2000-06-05</subfield>
    <subfield code="a">ad</subfield>
    <subfield code="b">NLR01</subfield>
    <subfield code="c">NLR01</subfield>
    <subfield code="e">RF8</subfield>
    <subfield code="f">38183</subfield>
    <subfield code="k">2000-4/2141</subfield>
    <subfield code="o">0</subfield>
    <subfield code="r">BOOK</subfield>
    <subfield code="s">200042141_</subfield>
  </datafield>
</record>
